000 01535cam a22003737a 4500
003 CHAP
005 20220329142450.0
008 010330d2001 mx r 00110 spa d
010 _a83856
011 _a84828
022 _a1405-2202
035 _a95354
040 _cCHAP
090 _aDF-2
110 _aInstituto Nacional de Estadística, Geografía e Informática. México
_959304
245 1 0 _aDisco de información oportuna del sector alimentario
_h[Disco flexible]
_c/por Instituto Nacional de Estadística, Geografía e Informática
260 _aAguascalientes, Ags. :
_bInstituto Nacional de Estadística Geografía e Informática,
_c2001.
300 _av.
_c31/2 plg. + instructivo
500 _aLa biblioteca tiene: v.179. -- v.180.-- v.181.-- v.182.-- v.183
590 _aBATCH-UPD
_b10
_c20130110
_lUCH01
_h1445
590 _aBATCH-UPD
_b10
_c20130410
_lUCH01
_h0915
590 _aBATCH-UPD
_b10
_c20130914
_lUCH01
_h0200
590 _aCONVERSION
_b10
_c20130109
_lUCH01
_h1347
650 1 4 _aAlimentos
_xEstadísticas.
_94219
650 1 4 _aCultivos
_xRendimiento.
_930318
780 0 0 _tDIOSA : disco de información oportuna del sector alimentario
901 _aBK
942 _cCD
949 _aDF-2
_bBC
_cCD
_d33724002316710
_eCD
_fv.182
_i95354
_sb
949 _aDF-2
_bBC
_cCD
_d33724002316743
_eCD
_fv.183
_gDonaciØn
_i95354
_sb
949 _aDF-2
_bBC
_cCD
_d33724002316751
_eCD
_fv.181
_i95354
_sb
949 _aDF-2
_bBC
_cCD
_d33724002316785
_eCD
_fv.179
_i95354
_sb
949 _aDF-2
_bBC
_cCD
_d33724002316793
_eCD
_fv.180
_i95354
_sb
999 _c83856
_d83856